Zákon o účtovníctve s účinnosťou od 1. januára 2017

Informácia o zmenách v zákone o účtovníctve s účinnosťou od 1. januára 2017.

Saved in:
Bibliographic Details
Main Author: Pakšiová, Renáta, 1974-
Format: Book Chapter
Language:Slovak
Subjects:
Tags: Add Tag
No Tags, Be the first to tag this record!

MARC

LEADER 00000naa a2200000 4500
001 0226653
005 20240502073731.4
041 0 |a slo 
044 |a SK 
245 1 0 |a Zákon o účtovníctve s účinnosťou od 1. januára 2017  |c Renáta Pakšiová 
520 |a Informácia o zmenách v zákone o účtovníctve s účinnosťou od 1. januára 2017. 
610 2 0 |a zákony 
610 2 0 |a novelizácia 
610 2 0 |a Slovensko 
610 2 0 |a pravidlá účtovné 
100 1 |a Pakšiová, Renáta, 1974-